Statistics for Most Populated Cities of Countries that Touch the Sahara Desert

Click here to take the quiz!

General Stats

  • This quiz has been taken 50 times
    (37 since last reset)
  • The average score is 8 of 11

Answer Stats

HintAnswer% Correct
EgyptCairo
100%
SudanKhartoum
97%
LibyaTripoli
97%
TunisiaTunis
97%
AlgeriaAlgiers
90%
MoroccoCasablanca
90%
MaliBamako
74%
ChadN'Djamena
65%
NigerNiamey
65%
Western SaharaLaayoune
16%
MauritaniaNouakchott
16%

Score Distribution

Percentile by Number Answered

Percent of People with Each Score

Your Score History

You have not taken this quiz since the last reset